MAHATHIR : (Record no. 10)

000 -LEADER
fixed length control field nam a22 a 4500
003 - CONTROL NUMBER IDENTIFIER
control field AKMAL
005 - DATE AND TIME OF LATEST TRANSACTION
control field 20170412123834.0
008 - FIXED-LENGTH DATA ELEMENTS--GENERAL INFORMATION
fixed length control field 170412s2003 my a e bi 001 0 eng d
015 ## - NATIONAL BIBLIOGRAPHY NUMBER
National bibliography number M16-07387
020 ## - INTERNATIONAL STANDARD BOOK NUMBER
International Standard Book Number 9679788792
Qualifying information paperback
Terms of availability RM29.00
040 ## - CATALOGING SOURCE
Original cataloging agency AKMAL
Transcribing agency AKMAL
082 04 - DEWEY DECIMAL CLASSIFICATION NUMBER
Classification number 923.2595
Edition number 21
090 00 - LOCALLY ASSIGNED LC-TYPE CALL NUMBER (OCLC); LOCAL CALL NUMBER (RLIN)
Classification number (OCLC) (R) ; Classification number, CALL (RLIN) (NR) 338.09595
Local cutter number (OCLC) ; Book number/undivided call number, CALL (RLIN) SOM
100 1# - MAIN ENTRY--PERSONAL NAME
Personal name Somun,Hajrudin
9 (RLIN) 46
245 10 - TITLE STATEMENT
Title MAHATHIR :
Remainder of title The Secret of the Malaysian Success /
Statement of responsibility, etc. HAJRUDIN SOMUN ; Translated from the Bosnian by Lejla Somun-Krupalija
260 ## - PUBLICATION, DISTRIBUTION, ETC.
Place of publication, distribution, etc. Subang Jaya,Selangor :
Name of publisher, distributor, etc. Pelanduk Publication,
Date of publication, distribution, etc. 2003
300 ## - PHYSICAL DESCRIPTION
Extent xvii, 275p. :
Other physical details ill. (some col.) ;
Dimensions 22cm.
504 ## - BIBLIOGRAPHY, ETC. NOTE
Bibliography, etc. note Includes bibliographical references and index
650 10 - SUBJECT ADDED ENTRY--TOPICAL TERM
Topical term or geographic name entry element Prime ministers
Geographic subdivision Malaysia
Form subdivision Biography
9 (RLIN) 47
650 20 - SUBJECT ADDED ENTRY--TOPICAL TERM
Topical term or geographic name entry element Malaysia
General subdivision Politics and government
9 (RLIN) 48
651 #0 - SUBJECT ADDED ENTRY--GEOGRAPHIC NAME
Geographic name Malaysia
General subdivision Economic policy
9 (RLIN) 49
651 #0 - SUBJECT ADDED ENTRY--GEOGRAPHIC NAME
Geographic name Malaysia
General subdivision Foreign relations
9 (RLIN) 11
942 ## - ADDED ENTRY ELEMENTS (KOHA)
Source of classification or shelving scheme
Koha item type Book
Holdings
Withdrawn status Lost status Source of classification or shelving scheme Damaged status Not for loan Collection code Home library Current library Shelving location Date acquired Inventory number Total Checkouts Full call number Barcode Date last seen Price effective from Koha item type Date last checked out
          NON-FICTION AKMAL Melaka AKMAL Melaka PINJAMAN 12.04.2017 303755   338.09595 SOM 201700013 12.04.2017 12.04.2017 Book  
          NON-FICTION AKMAL Melaka AKMAL Melaka PINJAMAN 12.04.2017 303754 1 338.09595 SOM 201700014 12.04.2017 12.04.2017 Book 12.04.2017
Pusat Sumber Maklumat Dato' Haji Sarmin Md Hussin, Akademi Kastam Diraja Malaysia, Melaka
Tel: 06-2331106 | Faks: 06-2313787